00269 a2200121 4500001000700000040003500007100001800042240003400060245002900094300000700123362000900130440000800139150653 cEscola São Tomás de Aquino aGUEDES, Hardy10aO véu de renda sem fimlpor10aO véu de renda sem fim a240 a1997 1aHGF